25 Least populous U. S. States - Sudden Death - Statistics

General Stats
  • This quiz has been taken 1,149 times
    892 since last reset
  • The average score is 10 of 25
Answers on the Grid
Answers color-coded by a green-red scale on the quiz's grid according to % correct below.
Alabama
Alaska
Arizona
Arkansas
California
Colorado
Connecticut
Delaware
Florida
Georgia
Hawaii
Idaho
Illinois
Indiana
Iowa
Kansas
Kentucky
Louisiana
Maine
Maryland
Massachusetts
Michigan
Minnesota
Mississippi
Missouri
Montana
Nebraska
Nevada
New Hampshire
New Jersey
New Mexico
New York
North Carolina
North Dakota
Ohio
Oklahoma
Oregon
Pennsylvania
Rhode Island
South Carolina
South Dakota
Tennessee
Texas
Utah
Vermont
Virginia
Washington
West Virginia
Wisconsin
Wyoming
 
Answer Stats
Answer % Correct
Alaska
79%
Delaware
55%
Wyoming
55%
Idaho
53%
Hawaii
52%
Maine
51%
Vermont
48%
Rhode Island
47%
South Dakota
47%
Iowa
45%
North Dakota
45%
Montana
44%
New Hampshire
42%
West Virginia
39%
Nebraska
38%
Connecticut
36%
New Mexico
33%
Arkansas
31%
Kansas
30%
Utah
29%
Nevada
24%
Oklahoma
24%
Kentucky
17%
Mississippi
17%
Oregon
16%
No matching quizzes found
Score Distribution
Percent of People with Each Score
Percentile by Number Answered
Your Score History
You have not taken this quiz since the last reset